书目信息 |
| 题名: |
中国古典散文基础文库:史传卷
|
|
| 作者: | 付念齐 , 马赫注 译 | |
| 分册: | ||
| 出版信息: | 桂林 广西师范大学出版社 1999.07 |
|
| 页数: | 281页 | |
| 开本: | 32开 | |
| 丛书名: | ||
| 单 册: | ||
| 中图分类: | I207.62 | |
| 科图分类: | ||
| 主题词: | 文学--中国 | |
| 电子资源: | ||
| ISBN: | 7-5633-2852-1 | |
| 000 | 00634nam0 2200205 45 | |
| 001 | 0106061191 | |
| 005 | 20010606111612.4 | |
| 010 | @a7-5633-2852-1@d16.50元 | |
| 100 | @a20010606d1999 km y0chiy0120 ea | |
| 101 | 0 | @achi |
| 105 | @a z 000yy | |
| 200 | 1 | @a中国古典散文基础文库:史传卷@AZhong Guo Gu Dian San Wen Ji Chu Wen Ku:Shi Chuan Juan@f付念齐,马赫注译@FFu Nian Qi,Ma He Zhu Yi |
| 210 | @a桂林@c广西师范大学出版社@d1999.07 | |
| 215 | @a281页@d32开 | |
| 606 | 0 | @a文学@x中国 |
| 690 | @aI207.62@v3 | |
| 701 | 0 | @a付念齐@4译 |
| 701 | 0 | @a马赫注@4译 |
| 801 | @aCN@bPftUser@c20010606 | |
| 905 | @f10@b345786-795@dI207.62@eF954/3 | |
| 中国古典散文基础文库:史传卷/付念齐,马赫注译.-桂林:广西师范大学出版社,1999.07 |
| 281页;32开 |
| ISBN 7-5633-2852-1:16.50元 |
| ● |
| 相关链接 |
|
|
|
正题名:中国古典散文基础文库:史传卷
索取号:I207.62/F954/3
 
预约/预借
| 序号 | 登录号 | 条形码 | 馆藏地/架位号 | 状态 | 备注 |
| 1 | 345786 | 203457865 | 社科二线422/422社科库 22排2列3层/ [索取号:I207.62/F954/3] | 在馆 | |
| 2 | 345787 | 203457874 | 社科二线422/422社科库 22排2列3层/ [索取号:I207.62/F954/3] | 在馆 | |
| 3 | 345788 | 203457883 | 社科二线422/422社科库 22排2列3层/ [索取号:I207.62/F954/3] | 在馆 | |
| 4 | 345789 | 203457892 | 社科二线422/422社科库 22排2列3层/ [索取号:I207.62/F954/3] | 在馆 | |
| 5 | 345790 | 203457909 | 社科二线422/422社科库 22排2列3层/ [索取号:I207.62/F954/3] | 在馆 | |
| 6 | 345791 | 203457918 | 社科二线422/422社科库 22排2列3层/ [索取号:I207.62/F954/3] | 在馆 | |
| 7 | 345792 | 203457927 | 社科二线422/422社科库 22排2列3层/ [索取号:I207.62/F954/3] | 在馆 | |
| 8 | 345793 | 203457936 | 社科二线422/422社科库 22排2列3层/ [索取号:I207.62/F954/3] | 在馆 | |
| 9 | 345794 | 203457945 | 社科二线422/422社科库 22排2列3层/ [索取号:I207.62/F954/3] | 在馆 | |
| 10 | 345795 | 203457954 | 社科二线422/422社科库 22排2列3层/ [索取号:I207.62/F954/3] | 在馆 |